Cities and Counties of Gyeonggi - Statistics

General Stats
  • This quiz has been taken 75 times
  • The average score is 25 of 31
Answer Stats
Answer % Correct
Anyang-si/안양시
94%
Suwon-si/수원시
94%
Yongin-si/용인시
94%
Namyangju-si/남양주시
91%
Ansan-si/안산시
88%
Anseong-si/안성시
84%
Bucheon-si/부천시
84%
Gimpo-si/김포시
84%
Gwangmyeong-si/광명시
84%
Hwaseong-si/화성시
84%
Paju-si/파주시
84%
Siheung-si/시흥시
84%
Yangju-si/양주시
84%
Pocheon-si/포천시
81%
Pyeongtaek-si/평택시
81%
Uiwang-si/의왕시
81%
Yangpyeong-gun/양평군
81%
Gapyeong-gun/가평군
78%
Guri-si/구리시
78%
Seongnam-si/성남시
78%
Uijeongbu-si/의정부시
78%
Goyang-si/고양시
75%
Gwangju-si/광주시
75%
Hanam-si/하남시
75%
Osan-si/오산시
75%
Gunpo-si/군포시
72%
Gwacheon-si/과천시
72%
Icheon-si/이천시
72%
Dongducheon-si/동두천시
69%
Yeoncheon-gun/연천군
69%
Yeoju-si/여주시
63%
No matching quizzes found
Score Distribution
Percent of People with Each Score
Percentile by Number Answered
Your Score History
You have not taken this quiz